000 00716nam a2200229 i 4500
001 183016
003 ES-MaACL
005 20231220194709.0
008 140113s2013 sp |||| | spa d
020 _a978-84-940950-3
080 _a821.134.2-2"19"
100 1 _aGalán, Ilia,
_d1966-
_9234259
245 1 0 _aTeatro en el templo de Salomón /
_cIlia Galán.
250 _a[1ª ed.].
260 _a[Siero, Asturias] :
_bMasónica.es,
_c2013.
300 _a239 p. ;
_c21 cm.
490 1 _aSerie amarilla [literatura]
830 0 _aSerie amarilla [literatura]
_9224922
852 _aES-MaACL
_jA-12955
_9189949
_bR.150025
_cDEPO1
_dOlim: N-5955
942 _2udc
_cMONOGRAFIA
999 _c183016
_d183016